Thickness design : (Record no. 548075)

000 -LEADER
fixed length control field 00652nam a2200193 a 4500
082 00 - DEWEY DECIMAL CLASSIFICATION NUMBER
Classification number 625.85
Author Mark THI
-- D.
245 00 - TITLE STATEMENT
Title Thickness design :
Remainder of title asphalt pavements for heavy wheel loads.
250 ## - EDITION STATEMENT
Edition statement 1st ed.
260 ## - PUBLICATION, DISTRIBUTION, ETC.
Place of publication, distribution, etc. [College Park, MD, USA] :
Name of publisher, distributor, etc. Asphalt Institute,
Date of publication, distribution, etc. c1986.
300 ## - PHYSICAL DESCRIPTION
Extent vii, 72 p. :
Other physical details ill. ;
Dimensions 28 cm.
490 1# - SERIES STATEMENT
Series statement Manual series / Asphalt Institute ;
500 ## - GENERAL NOTE
General note Includes index.
526 ## - STUDY PROGRAM INFORMATION NOTE
Program name 0
Interest level 0
Reading level 0
Title point value 625_850000000000000_THI
650 #0 - SUBJECT ADDED ENTRY--TOPICAL TERM
Topical term or geographic name entry element MCE
9 (RLIN) 379
650 #0 - SUBJECT ADDED ENTRY--TOPICAL TERM
Topical term or geographic name entry element Pavements, Asphalt
General subdivision Design and construction.
9 (RLIN) 21619
650 #0 - SUBJECT ADDED ENTRY--TOPICAL TERM
Topical term or geographic name entry element Pavements, Asphalt
General subdivision Live loads.
9 (RLIN) 44239
710 2# - ADDED ENTRY--CORPORATE NAME
Corporate name or jurisdiction name as entry element Asphalt Institute.
9 (RLIN) 13616
942 ## - ADDED ENTRY ELEMENTS (KOHA)
Source of classification or shelving scheme
Koha item type Book
Holdings
Withdrawn status Lost status Source of classification or shelving scheme Damaged status Not for loan Permanent Location Current Location Date acquired Total Checkouts Full call number Barcode Date last seen Price effective from Koha item type
          Military College of Engineering (MCE) Military College of Engineering (MCE) 08/20/2014   625.85 THI MCE-41425 08/20/2014 03/14/2021 Book
© 2023 Central Library, National University of Sciences and Technology. All Rights Reserved.